Tilastot visalle Euroopan kolmiraitaiset liput

Klikkaa tästä pelataksesi tätä visaa!

Yleistilastot

  • Tätä visaa on pelattu 636 kertaa
  • Keskiarvotulos 14 / 15

Vastaustilastot

Valtio% Oikein
Ranska
99%
Italia
98%
Saksa
97%
Viro
97%
Irlanti
96%
Belgia
95%
Latvia
93%
Liettua
92%
Venäjä
91%
Alankomaat
89%
Romania
89%
Bulgaria
84%
Itävalta
84%
Luxemburg
84%
Unkari
77%

Tulosjakauma

Persentiili vastausten määrän mukaan

Jokaisen tuloksen saaneiden osuus

Tuloshistoriasi

Et ole pelannut tätä visaa